Music Quiz

Random Music or Bands Quiz

Female Lead Singer Match-Up Quiz Stats

 Plays Quiz Updated May 27, 2016

Also try: Girl Bands
Challenge
Share
Tweet
Embed
Score 0/24 Timer 04:00
2 Plays Today
% Correct
Beyoncé Knowles
93.2%
Gwen Stefani
91.1%
Diana Ross
89.6%
Annie Lennox
85.6%
Debbie Harry
82.9%
Courtney Love
80.6%
Gloria Estefan
72.5%
Lauryn Hill
72.4%
Belinda Carlisle
69.5%
Chrissie Hynde
69%
Ann Wilson
67.6%
Grace Slick
60.9%
% Correct
Natalie Maines
56.2%
Dolores O'Riordan
55.7%
Amy Lee
54.4%
Hayley Williams
54.3%
Shirley Manson
53.4%
Zooey Deschanel
51.3%
Björk
40.4%
Taylor Momsen
37.3%
Cherie Currie
34.6%
Karen O
33.6%
Beth Gibbons
33.5%
Brittany Howard
27.1%

You're not logged in!

Compare scores with friends on all Sporcle quizzes.
OR
Log In

You Might Also Like...

Show Comments

Extras

Top Quizzes Today


Score Distribution

Your Account Isn't Verified!

In order to create a playlist on Sporcle, you need to verify the email address you used during registration. Go to your Sporcle Settings to finish the process.

Report this User

Report this user for behavior that violates our Community Guidelines.

Details: